000 00734cam a22002054a 4500
999 _c58183
_d58183
001 16373336
005 20240212155126.0
008 100803s2010 enka f 001 0 eng
020 _a9780470650462x
041 _aeng
080 _a004.4 M-95
100 1 _aMueller, John
_d
_912357
245 1 0 _aWindows command line administration :
_cJohn Paul Mueller.
_bInstant reference /
264 _aIndianapolis :
_bWiley,
_c2010.
300 _a550 p. :
_bill. ;
_c23 cm.
653 _aსაინფორმაციო ტექნოლოგიები
653 _aИнформационные технологии
856 4 2 _3Cover image
_uhttp://catalogimages.wiley.com/images/db/jimages/9780470650462.jpg
942 _2udc
_cBK